000 01010cam a22002531 4500
001 e 58000016
003 DLC
005 20260227111236.0
008 760915s1958 dcu 000 0 eng c
010 _ae 58000016
035 _a(OCoLC)2433814
040 _aU.S. Office of Education. Library
_cArLUA
_dOCoLC
_dDLC
042 _apremarc
050 0 0 _aL111
_b.A6 1958, no. 9
051 _aLB2861
_b.F536
082 _a379.15
100 1 _aFitzwater, Charles Ocelus,
_d1906-
245 1 0 _aOrganizing districts for better schools;
_ba summary of school district reorganization policies and procedures.
260 _a[Washington]
_bU.S. Dept. of Health, Education, and Welfare, Office of Education
_c[1958]
300 _aiv, 49 p.
_c24 cm.
410 1 0 _aUnited States.
_bOffice of Education.
_tBulletin,
_v1958, no. 9
500 _aCopies 1 and 2 of L111.A6 bound with: Bulletin / United States. Office of Education, 1958, no. 10-1958, no. 16, subsequent to publication.
650 0 _aSchools
_xCentralization.
999 _c22292
_d22292